00317nam a2200121Ia 4500008004100000040001600041041001200057082001800069100002300087245003800110260003600148300001100184230917s9999||||xx |||||||||||||| ||und|| e29642aMAIN aEnglish a891.2109 S23K aSharma, Balkrishna 0aKavyaprakash ka darshnik dharatal aDelhibPratibha Prakashanc1997 a264 p.